La interrelación cultural entre España e Iberoamérica / (Record no. 29867)

MARC details
000 -LEADER
campo de control de longitud fija 00634nam a2200181 i 4500
001 - NÚMERO DE CONTROL
campo de control 29867
003 - IDENTIFICADOR DE NÚMERO DE CONTROL
campo de control ES-MaACL
005 - FECHA Y HORA DE LA ÚLTIMA TRANSACCIÓN
campo de control 20230906154113.0
007 - CAMPO FIJO DE DESCRIPCIÓN FÍSICA--INFORMACIÓN GENERAL
campo de control de longitud fija t|
008 - DATOS DE LONGITUD FIJA--INFORMACIÓN GENERAL
campo de control de longitud fija 030123s1981 sp ||||1| spa d
100 1# - ENTRADA PRINCIPAL--NOMBRE DE PERSONA
Nombre de persona Bascuñán Edwards, Carlos.
9 (RLIN) 26273
245 13 - MENCIÓN DEL TÍTULO
Título La interrelación cultural entre España e Iberoamérica /
Mención de responsabilidad, etc. Carlos Bascuñán Edwards, Andrés Zaldívar Larraín.
260 ## - PUBLICACIÓN, DISTRIBUCIÓN, ETC.
Lugar de publicación, distribución, etc. Madrid :
Nombre del editor, distribuidor, etc. Fundación Humanismo y Democracia,
Fecha de publicación, distribución, etc. 1981.
300 ## - DESCRIPCIÓN FÍSICA
Extensión 32 p. ;
Dimensiones 21 cm.
700 1# - ENTRADA AGREGADA--NOMBRE PERSONAL
Nombre de persona Zaldívar Larraín, Andrés.
9 (RLIN) 117877
710 2# - ENTRADA AGREGADA--NOMBRE DE ENTIDAD CORPORATIVA
Nombre de entidad corporativa o nombre de jurisdicción como elemento de entrada Fundación Humanismo y Democracia.
9 (RLIN) 4320
852 ## - LOCALIZACIÓN
Ubicación ES-MaACL
Número de control de estantería 2120-F-17
Sublocalización o colección R.103201
Holdings
Estatus retirado Estado de pérdida Estado de daño No para préstamo Colección Biblioteca de origen Biblioteca actual Ubicación en estantería Fecha de adquisición Fuente de adquisición Total de préstamos Signatura topográfica completa Código de barras Visto por última vez Precio de reemplazo Tipo de ítem Koha
        Colección de folletos Biblioteca del Ateneo de Madrid Biblioteca del Ateneo de Madrid Depósito folletos 17/01/2008     2120-F-17 1030836 23/02/2023 23/02/2023 Folleto